00776nam a22002297a 450000500170000001000150001702000180003203500140005003500170006403700130008103700170009408200150011110000160012624500620014225000080020426000640021227000650027630000220034194200290036399900190039295201350041120240131170910.0 aENG-139086 a9789354096303 aEN-122618 aB-513991-996 bDBAD/PUB bBSB/Venadpl04a305.521st1 d202196149410aInteracting Involving Inspiring/cNaidu, Shri M. Venkaiah a1st aNew DelhibThe Director General, Publication Divisionc2021 aSoochna Bhawan, C.G.O. Complex, Lodhi Road, New Delhi-110003 a335 p. c30cm(Hb) 2ddccENh305.5mNAIe1st c200446d200446 001040718REFaZLSbZLSd2024-01-30eDBAD/PUBg2510.00l0o305.5 NAIpEN-122618r2024-01-30 00:00:00t1v2510.00w2024-01-30yEN